[Event "4NCL Division 2a"]
[Site "Telford, ENG"]
[Date "2017.11.11"]
[Round "1.42"]
[White "Tukpetov, Evgeny"]
[Black "Makepeace, Philip J"]
[Result "1-0"]
[WhiteElo "2213"]
[BlackElo "2096"]
[PlyCount "89"]
[EventDate "2017.11.11"]
[WhiteTeam "Kings Head"]
[BlackTeam "Barbican Youth"]

1. e4 c6 2. Nc3 d5 3. Nf3 Bg4 4. h3 Bxf3 5. Qxf3 e6 6. Be2 d4 7. Nb1 Nd7 8. O-O
Bd6 9. d3 g5 10. Qh5 Bf4 11. Bxf4 gxf4 12. Nd2 Ngf6 13. Qh4 Qc7 14. c3 dxc3 15.
bxc3 O-O-O 16. Rfb1 Ne8 17. d4 e5 18. dxe5 Nxe5 19. Qxf4 Rg8 20. Nb3 Ng7 21.
Nc5 b6 22. Na6 Qe7 23. a4 f6 24. a5 Ne6 25. Qe3 b5 26. c4 Nd4 27. cxb5 cxb5 28.
Qc3+ Nec6 29. Bxb5 Rxg2+ 30. Kxg2 Qxe4+ 31. f3 Rg8+ 32. Kh1 Qh4 33. Bf1 Rg3 34.
Rb8+ Kd7 35. Nc5+ Kc7 36. Ne6+ Kxb8 37. Rb1+ Kc8 38. Nxd4 Rxh3+ 39. Bxh3+ Qxh3+
40. Kg1 Qg3+ 41. Kf1 Qh3+ 42. Ke2 Qg2+ 43. Ke3 Qg5+ 44. f4 Qg3+ 45. Nf3 1-0

[Event "4NCL Division 2a"]
[Site "Telford, ENG"]
[Date "2017.11.11"]
[Round "1.43"]
[White "Russell, Christopher"]
[Black "Okike, David"]
[Result "1-0"]
[WhiteElo "2089"]
[BlackElo "2198"]
[PlyCount "149"]
[EventDate "2017.11.11"]
[WhiteTeam "Barbican Youth"]
[BlackTeam "Kings Head"]

1. e4 g6 2. d4 Bg7 3. Nc3 d6 4. Nf3 Nc6 5. Be2 a6 6. a4 Nf6 7. O-O O-O 8. h3
Nd7 9. Re1 h6 10. Be3 e5 11. Qd2 Kh7 12. dxe5 Ndxe5 13. Nxe5 Nxe5 14. Rad1 f5
15. exf5 gxf5 16. Nd5 Be6 17. c4 Qd7 18. a5 Rad8 19. b4 c6 20. Nb6 Qf7 21. Qc2
Kh8 22. f4 Ng6 23. Bh5 Qf6 24. Qf2 Rg8 25. Bd4 Qf7 26. Bxg7+ Rxg7 27. Qd4 Kh7
28. Rd3 Qg8 29. Rg3 Nf8 30. Rxg7+ Qxg7 31. Qxg7+ Kxg7 32. Bf3 Kf6 33. b5 d5 34.
bxa6 bxa6 35. cxd5 Bxd5 36. Rd1 Ke6 37. Be2 Nd7 38. Nxd7 Rxd7 39. Bxa6 Ra7 40.
Bc8+ Kf6 41. a6 Rg7 42. g4 fxg4 43. hxg4 Ra7 44. Kf2 Ke7 45. Rd3 Ra8 46. Bb7
Ra7 47. Kg3 Bc4 48. Ra3 c5 49. Kh4 Kf8 50. g5 Kg7 51. Kg4 Bb5 52. gxh6+ Kxh6
53. Ra5 Be2+ 54. Kg3 Kg7 55. Kf2 Bc4 56. Ke3 Bf1 57. Ra1 Bb5 58. Ke4 Kf6 59.
Rb1 Bc4 60. Rb6+ Ke7 61. Ke5 Kd7 62. f5 Ke7 63. Rh6 Kf8 64. Rc6 Ke7 65. f6+ Kd7
66. Rd6+ Ke8 67. Bd5 Bxd5 68. Kxd5 c4 69. Kxc4 Rc7+ 70. Kb5 Rc1 71. Kb6 Kf7 72.
Kb7 Rb1+ 73. Rb6 Rd1 74. a7 Rd7+ 75. Kb8 1-0

[Event "4NCL Division 2a"]
[Site "Telford, ENG"]
[Date "2017.11.11"]
[Round "1.44"]
[White "Guthrie, David"]
[Black "Coleman, David J"]
[Result "1-0"]
[WhiteElo "2174"]
[BlackElo "2093"]
[PlyCount "95"]
[EventDate "2017.11.11"]
[WhiteTeam "Kings Head"]
[BlackTeam "Barbican Youth"]

1. d4 Nf6 2. c4 Nc6 3. Nf3 e6 4. a3 d6 5. Nc3 g6 6. e4 Bg7 7. h3 O-O 8. Bg5 h6
9. Be3 a6 10. Qd2 e5 11. d5 Na5 12. Qc2 b6 13. b4 Nb7 14. g4 a5 15. Rc1 axb4
16. axb4 Bd7 17. Nd2 Nh7 18. Bg2 Ra3 19. Nb5 Ra8 20. Nf1 Nf6 21. Ng3 Ne8 22.
Qd2 Kh7 23. O-O Nf6 24. f4 Ne8 25. Rf3 f6 26. Rff1 Ra4 27. f5 g5 28. Qb2 Bxb5
29. cxb5 Qd7 30. Ra1 Qxb5 31. Rxa4 Qxa4 32. Ra1 Qd7 33. Ra7 Nd8 34. Bxb6 Qb5
35. Bf2 c6 36. Bf1 Qb8 37. Nh5 c5 38. Re7 cxb4 39. Ba7 Qc8 40. Qxb4 Rf7 41.
Rxe8 Rxa7 42. Nxg7 Ra1 43. Qb6 Rxf1+ 44. Kxf1 Qc4+ 45. Kg1 Qc1+ 46. Kg2 Qc2+
47. Qf2 Qxe4+ 48. Kh2 1-0

[Event "4NCL Division 2a"]
[Site "Telford, ENG"]
[Date "2017.11.11"]
[Round "1.45"]
[White "Hughes, Roy"]
[Black "Lewis, Alex"]
[Result "0-1"]
[WhiteElo "2029"]
[BlackElo "2165"]
[PlyCount "60"]
[EventDate "2017.11.11"]
[WhiteTeam "Barbican Youth"]
[BlackTeam "Kings Head"]

1. d4 Nf6 2. Nf3 d6 3. Bf4 g6 4. e3 Bg7 5. c4 Nh5 6. Bg5 h6 7. Bh4 c5 8. Nc3
Bg4 9. Be2 g5 10. h3 Bd7 11. Nh2 Nf6 12. Bg3 Nc6 13. d5 Na5 14. Nf3 O-O 15. O-O
a6 16. Qc2 b5 17. Nd2 bxc4 18. e4 g4 19. hxg4 Nxg4 20. Nf3 Rb8 21. Bf4 f5 22.
exf5 Bxf5 23. Qd2 Qd7 24. Rae1 Rf7 25. Nh4 Bd3 26. Nd1 Rb4 27. g3 Bxe2 28. Rxe2
Ne5 29. Bxh6 c3 30. bxc3 Rxh4 0-1

[Event "4NCL Division 2a"]
[Site "Telford, ENG"]
[Date "2017.11.11"]
[Round "1.46"]
[White "Gilfillan, Andrew"]
[Black "French, Max"]
[Result "0-1"]
[WhiteElo "1990"]
[BlackElo "2050"]
[PlyCount "112"]
[EventDate "2017.11.11"]
[WhiteTeam "Kings Head"]
[BlackTeam "Barbican Youth"]

1. f4 d5 2. e3 Nf6 3. Nf3 Bg4 4. b3 Nbd7 5. Bb2 e6 6. h3 Bxf3 7. Qxf3 c6 8. d3
Qa5+ 9. c3 e5 10. fxe5 Nxe5 11. Qf5 Bd6 12. Be2 Qb6 13. Ba3 Bxa3 14. Qxe5+ Be7
15. O-O Nd7 16. Qf4 O-O-O 17. Nd2 Bd6 18. Qxd6 Qxe3+ 19. Rf2 Qxd2 20. c4 Rhe8
21. Bf1 Qc3 22. Rd1 Ne5 23. Qa3 dxc4 24. Qxa7 cxd3 25. Bxd3 Rxd3 26. Qa8+ Kd7
27. Qxb7+ Ke6 28. Rdf1 Qd4 29. Kh1 Re7 30. Qc8+ Qd7 31. Qh8 Rg3 32. Qxh7 Qd3
33. Qh4 Ra7 34. Qh8 Ke7 35. Qb8 Qe3 36. Rd2 Nd7 37. Qd6+ Ke8 38. Rff2 Rg6 39.
Qb4 Re6 40. Qg4 Qe1+ 41. Kh2 Qe5+ 42. g3 Rg6 43. Qh4 Qg5 44. Rfe2+ Kd8 45. Qh8+
Kc7 46. Rd3 Rh6 47. Qe8 Qf5 48. Rxd7+ Qxd7 49. Re7 Rxa2+ 50. Kg1 Rd6 51. Rxd7+
Rxd7 52. Qe5+ Kb7 53. Qh5 g6 54. Qf3 f5 55. h4 Rdd2 56. h5 Ra1+ 0-1

[Event "4NCL Division 2a"]
[Site "Telford, ENG"]
[Date "2017.11.11"]
[Round "1.47"]
[White "Crocker, Philip J"]
[Black "Disu, Kayode"]
[Result "1-0"]
[WhiteElo "2084"]
[BlackElo "1948"]
[PlyCount "68"]
[EventDate "2017.11.11"]
[WhiteTeam "Barbican Youth"]
[BlackTeam "Kings Head"]

1. c4 e5 2. g3 Nc6 3. Nc3 f5 4. Nf3 e4 5. Nh4 g6 6. d3 exd3 7. exd3 Qe7+ 8. Be2
Nf6 9. Bg5 Qg7 10. O-O Be7 11. Re1 O-O 12. Qd2 Qf7 13. Bf3 Bb4 14. a3 Bxc3 15.
Qxc3 d6 16. Bh6 Rd8 17. Bxc6 bxc6 18. Re2 Re8 19. Rxe8+ Nxe8 20. Re1 Ng7 21.
Bxg7 g5 22. Nf3 Bd7 23. Bf6 Re8 24. Rxe8+ Bxe8 25. Bxg5 Qh5 26. Qe1 Bf7 27. Kg2
d5 28. b3 h6 29. Be3 c5 30. Bxc5 dxc4 31. dxc4 f4 32. Qe5 Qg6 33. Bd4 Kf8 34.
Qxf4 Qc6 1-0

[Event "4NCL Division 2a"]
[Site "Telford, ENG"]
[Date "2017.11.11"]
[Round "1.48"]
[White "Usharovsky, Ron"]
[Black "Varney, Daniel"]
[Result "0-1"]
[WhiteElo "1533"]
[BlackElo "1990"]
[PlyCount "62"]
[EventDate "2017.11.11"]
[WhiteTeam "Kings Head"]
[BlackTeam "Barbican Youth"]

1. e4 d6 2. d4 Nf6 3. Nc3 g6 4. Be3 Bg7 5. Nf3 O-O 6. Qd2 c6 7. h3 Qc7 8. Bh6
b5 9. a3 Nbd7 10. g4 e5 11. g5 exd4 12. Nxd4 Bxh6 13. gxh6 Re8 14. O-O-O Nb6
15. Ndxb5 cxb5 16. Nxb5 Qc6 17. Nxd6 Rd8 18. Qd4 Ne8 19. e5 Bf5 20. Nxf5 Qxh1
21. Nd6 Qf3 22. Bb5 Nc7 23. Be2 Qxe2 24. Qf4 Rf8 25. Qf6 Ne6 26. Nf5 Qxd1+ 27.
Kxd1 gxf5 28. Qxf5 Rad8+ 29. Kc1 Rd5 30. Qg4+ Kh8 31. f4 Rg8 0-1